Magyar Közélet. - 7.évf. (1935) 2.sz.
Elmentve itt :
| Dokumentumtípus: | Folyóirat |
|---|---|
| Megjelent: |
1935
|
| Sorozat: | Magyar Közélet
7 No. 2 |
| Online Access: | http://misc.bibl.u-szeged.hu/55397 |
| LEADER | 00451nas a2200133 i 4500 | ||
|---|---|---|---|
| 001 | misc55397 | ||
| 005 | 20210910134055.0 | ||
| 008 | 200504s1935 hu o 0|| zxx d | ||
| 040 | |a SZTE Miscellanea Repozitórium |b hun | ||
| 041 | |a zxx | ||
| 245 | 0 | 0 | |a Magyar Közélet. - 7.évf. (1935) 2.sz. |h [elektronikus dokumentum] |
| 260 | |c 1935 | ||
| 490 | 0 | |a Magyar Közélet |v 7 No. 2 | |
| 856 | 4 | 0 | |u http://misc.bibl.u-szeged.hu/55397/1/magyar_kozelet_007_002.pdf |z Dokumentum-elérés |